<?xml version="1.0" encoding="UTF-8"?>
<collection xmlns="http://www.loc.gov/MARC21/slim">
 <record>
  <leader>02053nam a2200337 a 4500</leader>
  <controlfield tag="001">3148500</controlfield>
  <controlfield tag="003">BD-DhAAL</controlfield>
  <controlfield tag="008">090727r20051972enka     b    001 0 eng d</controlfield>
  <datafield tag="010" ind1=" " ind2=" ">
   <subfield code="a">\\\73594646 </subfield>
  </datafield>
  <datafield tag="020" ind1=" " ind2=" ">
   <subfield code="a">0272793205</subfield>
  </datafield>
  <datafield tag="020" ind1=" " ind2=" ">
   <subfield code="a">8123909047</subfield>
  </datafield>
  <datafield tag="040" ind1=" " ind2=" ">
   <subfield code="a">DLC</subfield>
   <subfield code="c">DLC</subfield>
   <subfield code="d">DLC</subfield>
   <subfield code="d">BD-DhAAL</subfield>
  </datafield>
  <datafield tag="082" ind1="0" ind2="0">
   <subfield code="a">615.19</subfield>
   <subfield code="2">18</subfield>
  </datafield>
  <datafield tag="100" ind1="1" ind2=" ">
   <subfield code="a">Cooper, John W.</subfield>
   <subfield code="q">(John William),</subfield>
   <subfield code="d">1896-</subfield>
   <subfield code="9">2635</subfield>
  </datafield>
  <datafield tag="240" ind1="1" ind2="0">
   <subfield code="a">Tutorial pharmacy</subfield>
  </datafield>
  <datafield tag="245" ind1="1" ind2="0">
   <subfield code="a">Cooper and Gunn's Tutorial pharmacy /</subfield>
   <subfield code="c">John W. Cooper.</subfield>
  </datafield>
  <datafield tag="250" ind1=" " ind2=" ">
   <subfield code="a">Six edition;</subfield>
   <subfield code="b">edited by S. J. Carter with contributions by ... [others].</subfield>
  </datafield>
  <datafield tag="260" ind1=" " ind2=" ">
   <subfield code="a">London,</subfield>
   <subfield code="b">Pitman Medical ;</subfield>
   <subfield code="a">New Delhi :</subfield>
   <subfield code="b">CBS Publishers,</subfield>
   <subfield code="c">1972 [reprinted 2005]</subfield>
  </datafield>
  <datafield tag="300" ind1=" " ind2=" ">
   <subfield code="a">ix, 472 pages :</subfield>
   <subfield code="b">illustrations ;</subfield>
   <subfield code="c">26 cm.</subfield>
  </datafield>
  <datafield tag="504" ind1=" " ind2=" ">
   <subfield code="a">Includes bibliographies and index.</subfield>
  </datafield>
  <datafield tag="526" ind1=" " ind2=" ">
   <subfield code="x">Mustak Ibn Ayub
Department of Mathematics and Natural Sciences
Course name and no. &quot;not available&quot;</subfield>
  </datafield>
  <datafield tag="541" ind1="1" ind2=" ">
   <subfield code="e">00018862</subfield>
  </datafield>
  <datafield tag="650" ind1=" " ind2="0">
   <subfield code="a">Pharmacy.</subfield>
  </datafield>
  <datafield tag="700" ind1="1" ind2=" ">
   <subfield code="a">Gunn, Colin,</subfield>
   <subfield code="e">joint author.</subfield>
   <subfield code="9">2638</subfield>
  </datafield>
  <datafield tag="700" ind1="1" ind2=" ">
   <subfield code="a">Carter, Sidney James,</subfield>
   <subfield code="e">ed.</subfield>
   <subfield code="9">2639</subfield>
  </datafield>
  <datafield tag="852" ind1="4" ind2=" ">
   <subfield code="a">Ayesha Abed Library</subfield>
   <subfield code="j">General shelf</subfield>
  </datafield>
  <datafield tag="942" ind1=" " ind2=" ">
   <subfield code="2">ddc</subfield>
   <subfield code="c">BK</subfield>
  </datafield>
  <datafield tag="999" ind1=" " ind2=" ">
   <subfield code="c">7993</subfield>
   <subfield code="d">7993</subfield>
  </datafield>
  <datafield tag="952" ind1=" " ind2=" ">
   <subfield code="0">0</subfield>
   <subfield code="1">0</subfield>
   <subfield code="2">ddc</subfield>
   <subfield code="4">0</subfield>
   <subfield code="6">615_190000000000000_COO_2005</subfield>
   <subfield code="7">0</subfield>
   <subfield code="9">9044</subfield>
   <subfield code="a">BRACUL</subfield>
   <subfield code="b">BRACUL</subfield>
   <subfield code="c">GEN</subfield>
   <subfield code="d">2010-04-07</subfield>
   <subfield code="e">Parash Publishers</subfield>
   <subfield code="g">397.00</subfield>
   <subfield code="l">4</subfield>
   <subfield code="m">32</subfield>
   <subfield code="o">615.19 COO</subfield>
   <subfield code="p">3010018862</subfield>
   <subfield code="r">2025-01-05</subfield>
   <subfield code="s">2025-01-05</subfield>
   <subfield code="t">1</subfield>
   <subfield code="w">2010-04-07</subfield>
   <subfield code="y">BK</subfield>
   <subfield code="x">Requisitioned by Mustak Ibn Ayub, Department of Mathematics and Natural Sciences, Course name and no. &quot;not available&quot;</subfield>
  </datafield>
  <datafield tag="952" ind1=" " ind2=" ">
   <subfield code="0">0</subfield>
   <subfield code="1">0</subfield>
   <subfield code="2">ddc</subfield>
   <subfield code="4">0</subfield>
   <subfield code="6">615_190000000000000_COO_2005</subfield>
   <subfield code="7">0</subfield>
   <subfield code="9">10221</subfield>
   <subfield code="a">BRACUL</subfield>
   <subfield code="b">BRACUL</subfield>
   <subfield code="c">GEN</subfield>
   <subfield code="d">2010-05-16</subfield>
   <subfield code="e">Parash Publishers</subfield>
   <subfield code="g">397.00</subfield>
   <subfield code="l">4</subfield>
   <subfield code="m">9</subfield>
   <subfield code="o">615.19 COO</subfield>
   <subfield code="p">3010018861</subfield>
   <subfield code="r">2017-06-05</subfield>
   <subfield code="s">2017-05-27</subfield>
   <subfield code="t">2</subfield>
   <subfield code="w">2010-05-16</subfield>
   <subfield code="y">BK</subfield>
   <subfield code="x">Requisitioned by Mustak Ibn Ayub, Department of Mathematics and Natural Sciences, Course name and no. &quot;not available&quot;</subfield>
  </datafield>
  <datafield tag="952" ind1=" " ind2=" ">
   <subfield code="0">0</subfield>
   <subfield code="1">0</subfield>
   <subfield code="2">ddc</subfield>
   <subfield code="4">0</subfield>
   <subfield code="6">615_000000000000000__19_COO_2005</subfield>
   <subfield code="7">0</subfield>
   <subfield code="9">10222</subfield>
   <subfield code="a">BDI</subfield>
   <subfield code="b">BDI</subfield>
   <subfield code="d">2010-05-16</subfield>
   <subfield code="e">Parash Publishers</subfield>
   <subfield code="g">397.00</subfield>
   <subfield code="l">5</subfield>
   <subfield code="m">25</subfield>
   <subfield code="o">615.19 COO</subfield>
   <subfield code="p">3010018860</subfield>
   <subfield code="r">2016-12-15</subfield>
   <subfield code="s">2016-12-04</subfield>
   <subfield code="t">3</subfield>
   <subfield code="w">2010-05-16</subfield>
   <subfield code="y">BK</subfield>
   <subfield code="x">Requisitioned by Mustak Ibn Ayub, Department of Mathematics and Natural Sciences, Course name and no. &quot;not available&quot;</subfield>
  </datafield>
 </record>
</collection>
